[Event "Mersin op-B 7th"]
[Site "Mersin"]
[Date "2023.11.16"]
[Round "7"]
[White "Kadrash, Mohamd Hussam Din"]
[Black "Deniz, Mahir"]
[Result "1-0"]
[WhiteElo "1907"]
[BlackElo "1849"]
[PlyCount "77"]
[EventDate "2023.11.12"]
[EventType "swiss"]
[EventRounds "9"]
[EventCountry "TUR"]
[SourceTitle "CB49_2023"]
[SourceDate "2023.12.06"]
[SourceVersion "1"]
[SourceVersionDate "2023.12.06"]
[SourceQuality "1"]

1. c4 e6 2. f4 Nf6 3. Nf3 d5 4. e3 a6 5. b3 Be7 6. Bb2 0-0 7. Be2 c5 8. 0-0 Nc6 9. Ne5 Nxe5 10. fxe5 Nd7 11. d4 f6 12. cxd5 exd5 13. Bf3 Nb6 14. exf6 Bxf6 15. Ba3 cxd4 16. exd4 Re8 17. Bc5 Be6 18. Nc3 Kh8 19. Bh5 Nd7 20. Bxe8 Nxc5 21. dxc5 Qa5 22. Na4 Rxe8 23. Rc1 Qc7 24. Re1 d4 25. Qh5 Re7 26. Nb2 h6 27. Re4 Bf7 28. Qe2 Rd7 29. Nd3 Bg6 30. Re6 Bf5 31. Re8+ Kh7 32. Rf1 Bg6 33. Re6 Bf7 34. Rexf6 gxf6 35. Rxf6 Bg6 36. Qd2 Qd8 37. Re6 Qg5 38. Qxg5 hxg5 39. Rxg6 1-0

[Event "Mersin op-B 7th"]
[Site "Mersin"]
[Date "2023.11.13"]
[Round "3"]
[White "Kadrash, Mohamd Hussam Din"]
[Black "Damya, Aydin"]
[Result "0-1"]
[WhiteElo "1907"]
[BlackElo "1725"]
[PlyCount "97"]
[EventDate "2023.11.12"]
[EventType "swiss"]
[EventRounds "9"]
[EventCountry "TUR"]
[SourceTitle "CB49_2023"]
[SourceDate "2023.12.06"]
[SourceVersion "1"]
[SourceVersionDate "2023.12.06"]
[SourceQuality "1"]

1. d4 Nf6 2. Nf3 g6 3. Bf4 Bg7 4. e3 d6 5. Be2 0-0 6. h3 c5 7. Nbd2 Nc6 8. c3 cxd4 9. exd4 Nd5 10. Bh2 e5 11. 0-0 Nb6 12. dxe5 dxe5 13. Re1 f5 14. Nc4 e4 15. Qxd8 Rxd8 16. Bc7 exf3 17. Nxb6 axb6 18. Bc4+ Kf8 19. Bxd8 Nxd8 20. gxf3 Bd7 21. a3 Bc6 22. Kg2 Nf7 23. Kg3 Ng5 24. Be2 Be5+ 25. Kg2 Bc7 26. Bd1 Rd8 27. h4 Nf7 28. b4 Ne5 29. Be2 Nd3 30. Bxd3 Rxd3 31. Re3 Rd2 32. Rae1 Bd8 33. Kg3 b5 34. R1e2 Rxe2 35. Rxe2 Bf6 36. Re3 Kf7 37. f4 Bd5 38. Rd3 Ke6 39. Kh3 Kd6 40. a4 Ke6 41. axb5 Bc4 42. Re3+ Kd7 43. b6 Kc6 44. Kg3 Kxb6 45. Re8 Bxc3 46. Rc8 Kb5 47. Rc7 b6 48. Rxh7 Kxb4 49. Rg7 0-1